| 000 | 00000nam##2200000za#4500 |
| 001 | 9.571738 |
| 003 | CaOODSP |
| 005 | 20210624182856 |
| 007 | cr ||||||||||| |
| 008 | 150406|2000||||xxc|||||o f|0| 0 eng|d |
| 040 | |aCaOODSP|beng |
| 043 | |an-cn--- |
| 086 | 1 |aNH18-23/59E-PDF |
| 110 | 2 |aCanada Mortgage and Housing Corporation. |
| 245 | 10|aTwo reports - housing trust funds : |h[electronic resource]|btheir nature, applicability and potential in Canada and guide to creating housing trust funds in Canada |
| 260 | |aOttawa - Ontario : |bCanada Mortgage and Housing Corporation |c[2000]. |
| 300 | |a4p.|breferences |
| 490 | 1 |aResearch highlight. Socio-economic series|v59 |
| 590 | |a11-22-Supp|b2011-10-13 |
| 690 | 07|aSubsidized housing|2gcpds |
| 690 | 07|aFunding|2gcpds |
| 775 | 08|tPublication de deux rapports sur les fonds fiduciaires pour le logement : |w(CaOODSP)9.602165 |
| 776 | 0#|tTwo reports: housing trust funds : |w(CaOODSP)9.615323 |
| 830 | #0|aResearch highlight. Socio-economic series ;|v59|w(CaOODSP)9.505168 |
| 856 | 40|ahttp://publications.gc.ca|qPDF|s142 KB|uhttps://publications.gc.ca/collections/Collection/NH18-23-59E.pdf|y59 |